| 000 | 00519cam a22002171 4500 | ||
|---|---|---|---|
| 001 | ne 63000995 | ||
| 003 | DLC | ||
| 005 | 20260227111745.0 | ||
| 008 | 890509s1962 xx 000 0 ara | ||
| 010 | _ane 63000995 | ||
| 035 | _a(OCoLC)23493248 | ||
| 040 |
_aDLC _cMiU _dDLC |
||
| 042 | _apremarc | ||
| 050 | 0 | 0 |
_aBJ78.A7 _bT3 1960 |
| 100 | 1 | _aṬawīl, Tawfīq. | |
| 245 | 1 | 3 | _aal-Falsafah al-khuluqīyah. |
| 260 | _c[1962. | ||
| 300 |
_a399 p. _c24 cm. |
||
| 500 | _aRomanized. | ||
| 650 | 0 |
_aEthics _xHistory. |
|
| 999 |
_c45891 _d45891 |
||